Uncertainty in Modelling Regional Environmental Systems <The> generalization of a watershed acidification model for predicting broad scale effects

Gespeichert in:
Bibliographische Detailangaben
1. Verfasser: Hettelingh, Jean-Paul
Format: Buch
Sprache:Englisch
Veröffentlicht: Laxenburg International Institute for Applied Systems Analysis 1990
Ausgabe:1. ed.
Tags: Tag hinzufügen
Keine Tags, Fügen Sie das erste Tag hinzu!

MARC

LEADER 00000nam a2200000 4500
001 c034665
005 20221215114557.1
041 0 |a eng 
044 |a AT 
245 1 0 |a Uncertainty in Modelling Regional Environmental Systems  |b <The> generalization of a watershed acidification model for predicting broad scale effects  |c Jean-Paul Hettelingh 
250 |a 1. ed. 
264 1 |a Laxenburg  |b International Institute for Applied Systems Analysis  |c 1990 
300 |a 224 s. 
100 1 |a Hettelingh, Jean-Paul